OECD SME and entrepreneurship outlook 2019

Guardado en:
Detalles Bibliográficos
Formato: Libro
Lenguaje:inglés
Publicado: Paris OECD 2019
Materias:
Etiquetas: Agregar Etiqueta
Sin Etiquetas, Sea el primero en etiquetar este registro!

MARC

LEADER 00000nam$a2200000$$$4500
001 0262442
005 20221220065019.3
020 |a 978-92-64-37480-5 
041 0 |a eng 
044 |a FR 
245 1 0 |a OECD SME and entrepreneurship outlook 2019 
264 1 |a Paris  |b OECD  |c 2019 
300 |a 391 s. 
610 2 0 |a podnik malý 
610 2 0 |a podnik stredný 
610 2 0 |a produktivita 
610 2 0 |a mzdy 
610 2 0 |a trh 
610 2 0 |a infraštruktúra podniková 
610 2 0 |a financie podnikové 
610 2 0 |a trh práce 
610 2 0 |a zručnosti 
610 2 0 |a inovácia 
610 2 0 |a porovnanie štatistické medzinárodné 
610 2 0 |a údaje štatistické medzinárodné